Sports Quiz

Random Sports or Football Quiz

Football League Stadiums Quiz Stats

 Plays Quiz Updated Jun 24, 2019

Score 0/72 Timer 10:00
7 Plays Today
Stadium % Correct
Craven Cottage
84.5%
The Den
83.2%
Stadium of Light
79.9%
Ewood Park
75.8%
Loftus Road Stadium
74.8%
Riverside Stadium
72.5%
The Valley
72.5%
City Ground
70.4%
Ricoh Arena
65%
DW Stadium
64.9%
iPro
64.9%
bet365 Stadium
64.8%
Portman Road
63.1%
Cardiff City Stadium
62.2%
Liberty Stadium
61.7%
Oakwell
59.6%
Deepdale
58.5%
London Road Stadium
57.8%
Ashton Gate
57.5%
St. James' Park
54.3%
Fratton Park
54.2%
Bloomfield Road
51.5%
Madejski Stadium
50%
Macron
49.6%
Stadium mk
48.1%
Coral Windows Stadium
45.5%
Elland Road
45.2%
Keepmoat Stadium
41.2%
Hillsborough Stadium
39%
County Ground
38.9%
St. Andrew's
37.7%
The JD Stadium
36.1%
Vale Park
35.7%
Griffin Park
34.5%
New York Stadium
33.9%
Boundary Park
32.9%
Stadium % Correct
Kenilworth Road
31.6%
The Hawthorns
31.2%
Sixfields Stadium
30%
Highbury Stadium
29.2%
Brunton Park Stadium
28.1%
KCOM Stadium
27.4%
Kassam Stadium
27.3%
Memorial Stadium
27.3%
Priestfield Stadium
27.1%
Glanford Park
24.7%
The Banks' Stadium
24.4%
Prenton Park
24.4%
Sincil Bank
23.1%
Alexandra Stadium
22%
Moss Rose
21.4%
Brisbane Road
20.2%
Kirklees Stadium
19.5%
Abbey
19.3%
Pirelli Stadium
18.4%
Home Park
18.2%
Blundell Park
17.6%
One Call Stadium
17.2%
Rodney Parade
15.7%
Spotland Stadium
15.4%
Abbey Business Stadium
14.8%
Roots Hall
14.5%
Weston Homes Community Stadium
14.3%
Adams Park
14.2%
The New Lawn
12.7%
Greenhous Meadow
12.3%
Score First
12%
Globe Arena
11.1%
The Cherry Red Records Stadium
8.5%
Broadfield Stadium
8.1%
Moor Lane
7.9%
Lamex Stadium
5.1%

You're not logged in!

Compare scores with friends on all Sporcle quizzes.
OR
Log In

Sporcle TV

Today on Sporcle TV


Watch our educational content, quiz creation guides, and fun videos on Sporcle TV.

Show Comments

Extras

Top Quizzes Today


Score Distribution

Your Account Isn't Verified!

In order to create a playlist on Sporcle, you need to verify the email address you used during registration. Go to your Sporcle Settings to finish the process.

Report this User

Report this user for behavior that violates our Community Guidelines.

Details: